[Event "EU-ch U16 30th"]
[Site "Antalya"]
[Date "2022.11.13"]
[Round "8"]
[White "Taspinar, Yanki"]
[Black "Ganci, Elio"]
[Result "1-0"]
[WhiteElo "2291"]
[BlackElo "2050"]
[PlyCount "69"]
[EventDate "2022.11.06"]
[EventType "swiss"]
[EventRounds "9"]
[EventCountry "TUR"]
[SourceTitle "EXT 2024"]
[Source "ChessBase"]
[SourceDate "2023.10.10"]
[SourceVersion "1"]
[SourceVersionDate "2023.10.10"]
[SourceQuality "1"]

1. e4 c5 2. Nf3 Nc6 3. d4 cxd4 4. Nxd4 Nf6 5. Nc3 d6 6. Bg5 e6 7. Qd2 a6 8. Nxc6 bxc6 9. 0-0-0 d5 10. Qe3 Be7 11. Bxf6 gxf6 12. Bc4 Bb7 13. Bb3 Qc7 14. Rhe1 Bd6 15. Qh3 Be5 16. exd5 cxd5 17. Nxd5 Bxd5 18. Bxd5 exd5 19. f4 Rc8 20. c3 0-0 21. fxe5 Rfd8 22. Qg3+ Kf8 23. Rd4 fxe5 24. Rxe5 f6 25. Rexd5 Qxg3 26. Rxd8+ Rxd8 27. Rxd8+ Ke7 28. hxg3 Kxd8 29. Kd2 Ke7 30. c4 Kd6 31. b4 Ke5 32. c5 f5 33. Ke3 h6 34. Kf3 h5 35. Ke3 1-0

[Event "EU-ch U16 30th"]
[Site "Antalya"]
[Date "2022.11.10"]
[Round "5"]
[White "Ganci, Elio"]
[Black "Kuzmin, Roman"]
[Result "0-1"]
[WhiteElo "2050"]
[BlackElo "2248"]
[PlyCount "34"]
[EventDate "2022.11.06"]
[EventType "swiss"]
[EventRounds "9"]
[EventCountry "TUR"]
[SourceTitle "EXT 2024"]
[Source "ChessBase"]
[SourceDate "2023.10.10"]
[SourceVersion "1"]
[SourceVersionDate "2023.10.10"]
[SourceQuality "1"]

1. e4 c5 2. c3 d5 3. exd5 Qxd5 4. d4 Nf6 5. Nf3 Nc6 6. Be3 Bg4 7. Be2 e6 8. dxc5 Qxd1+ 9. Bxd1 Nd5 10. Bd4 0-0-0 11. Nbd2 f6 12. Bb3 e5 13. Bxd5 Rxd5 14. Be3 f5 15. Nb3 Be7 16. 0-0 f4 17. Bc1 Rd3 0-1

[Event "EU-ch U16 30th"]
[Site "Antalya"]
[Date "2022.11.06"]
[Round "1"]
[White "Mitusov, Semen"]
[Black "Ganci, Elio"]
[Result "1-0"]
[WhiteElo "2413"]
[BlackElo "2050"]
[PlyCount "73"]
[EventDate "2022.11.06"]
[EventType "swiss"]
[EventRounds "9"]
[EventCountry "TUR"]
[SourceTitle "CBM 211 Extra"]
[Source "ChessBase"]
[SourceDate "2023.01.31"]
[SourceVersion "1"]
[SourceVersionDate "2023.01.31"]
[SourceQuality "1"]

1. e4 c5 2. Nf3 Nc6 3. d4 cxd4 4. Nxd4 Nf6 5. Nc3 d6 6. Bg5 e6 7. Qd2 a6 8. 0-0-0 Bd7 9. f3 h6 10. Be3 b5 11. Nxc6 Bxc6 12. h4 Nd7 13. Kb1 Qc7 14. Bd3 Ne5 15. Rhe1 Be7 16. Qf2 b4 17. Ne2 d5 18. Qg3 dxe4 19. fxe4 Bf6 20. Nd4 Ba4 21. b3 Bd7 22. Nf3 Qa5 23. Bd4 Nxf3 24. Bxf6 gxf6 25. gxf3 Ke7 26. f4 Qc5 27. e5 Rhg8 28. exf6+ Kxf6 29. Qh2 Bc6 30. h5 Rg4 31. Bc4 Rag8 32. Re5 Qb6 33. Kb2 Qc7 34. Qf2 Rd8 35. Rde1 Bd5 36. Qd4 Bxc4 37. Rxe6+ 1-0